000 00511nam a2200181Ia 4500
005 20250508160041.0
008 008 250505s9999 xx 000 0 eng d
037 _aTextual
040 _aFEDL
_beng
_cFEDL
041 _aeng
_2eng
084 _a375, FIT
_qFEDL
100 _aFitzgerald James A
245 0 _aMethods and curricula in Elementary education
260 _aMilwaukee
_bThe Bruce Publishing Company
_c1955
300 _a591p.
942 _cTEXL
_h375, FIT
999 _c1361417
_d1361417